Niezapomniane Jedenastki #26: Włochy 2006 - Statystyki

Ogólne statystyki
  • Ten quiz został rozwiązany 87 razy
  • Średni wynik to 8 z 11
Statystyki odpowiedzi
Pozycja Klub Inicjały Zawodnik % Poprawnych
BR Juventus GB Gianluigi Buffon
100%
ŚP Milan AP Andrea Pirlo
97%
N Roma FT Francesco Totti
91%
ŚP Milan GG Gennaro Gattuso
89%
ŚO Juventus FC Fabio Cannavaro
86%
ŚO Inter MM Marco Materazzi
85%
PO Juventus GZ Gianluca Zambrotta
82%
N Fiorentina LT Luca Toni
82%
LO Palermo FG Fabio Grosso
55%
PS Juventus MC Mauro Camoranesi
43%
LS Roma SP Simone Perrotta
35%
Nie znaleziono quizów pasujących do podanych kryteriów
Rozkład punktacji
Procent ludzi z każdym wynikiem
Percentyl według liczby udzielonych odpowiedzi
Twoja historia wyników
Nie rozwiązałeś tego quizu